| 000 | 01042cam a2200349 4500 | ||
|---|---|---|---|
| 001 | J2340 | ||
| 008 | 090401t1994 xxu||||| |||| 00| 0 eng d | ||
| 035 | _a(Sirsi) u48494 | ||
| 041 | _aeng | ||
| 050 | _a526.9 | ||
| 110 | _aFederation International Des Geometres | ||
| 245 | _a... XX congress ... Melbourne, Australia, March 5-12 1994 ... commission 1 ... professional practice, organisation & legal systems. | ||
| 260 |
_bFIG _c1994 |
||
| 300 | _aca.270p. : ill. ; 21cm. | ||
| 350 | _a0 | ||
| 520 | _aPapers include:- Ronald Stretton Webb and the history of geodesy/ SMITH, J.R. - Professionals and ethics: a guide for surveyors/ DALE, PETER. | ||
| 650 | _aBULGARIA | ||
| 650 | _aCONFERENCES | ||
| 650 | _aCYPRUS | ||
| 650 | _aHISTORY OF SURVEYING | ||
| 650 | _aNEW ZEALAND | ||
| 650 | _aNORWAY | ||
| 650 | _aPOLAND | ||
| 650 | _aPROFESSIONAL PRACTICE | ||
| 650 | _aRUSSIA | ||
| 650 | _aSTANDARDS | ||
| 650 | _aSURVEYORS | ||
| 650 | _aWOMEN | ||
| 690 | _aLAND SURVEYING | ||
| 942 | _n0 | ||
| 948 | _c04/03/1997 | ||
| 999 |
_c92347 _d92347 |
||